<?xml version="1.0" encoding="UTF-8"?><?xml-stylesheet type="text/xsl" href="static/style.xsl"?><OAI-PMH xmlns="http://www.openarchives.org/OAI/2.0/" xmlns:xsi="http://www.w3.org/2001/XMLSchema-instance" xsi:schemaLocation="http://www.openarchives.org/OAI/2.0/ http://www.openarchives.org/OAI/2.0/OAI-PMH.xsd"><responseDate>2026-06-06T01:57:48Z</responseDate><request verb="GetRecord" identifier="oai:riuma.uma.es:10630/38743" metadataPrefix="marc">https://riuma.uma.es/rest/oai/request</request><GetRecord><record><header><identifier>oai:riuma.uma.es:10630/38743</identifier><datestamp>2026-02-03T11:00:07Z</datestamp><setSpec>com_10630_2254</setSpec><setSpec>col_10630_37953</setSpec></header><metadata><record xmlns="http://www.loc.gov/MARC21/slim" xmlns:dcterms="http://purl.org/dc/terms/" xmlns:doc="http://www.lyncode.com/xoai" xmlns:xsi="http://www.w3.org/2001/XMLSchema-instance" xsi:schemaLocation="http://www.loc.gov/MARC21/slim http://www.loc.gov/standards/marcxml/schema/MARC21slim.xsd">
   <leader>00925njm 22002777a 4500</leader>
   <datafield ind2=" " ind1=" " tag="042">
      <subfield code="a">dc</subfield>
   </datafield>
   <datafield ind2=" " ind1=" " tag="720">
      <subfield code="a">Marchena-Rodríguez, Ana José</subfield>
      <subfield code="e">author</subfield>
   </datafield>
   <datafield ind2=" " ind1=" " tag="720">
      <subfield code="a">Cabello-Manrique, David</subfield>
      <subfield code="e">author</subfield>
   </datafield>
   <datafield ind2=" " ind1=" " tag="720">
      <subfield code="a">Ortega-Ávila, Ana Belén</subfield>
      <subfield code="e">author</subfield>
   </datafield>
   <datafield ind2=" " ind1=" " tag="720">
      <subfield code="a">Martínez-Rico, Magdalena</subfield>
      <subfield code="e">author</subfield>
   </datafield>
   <datafield ind2=" " ind1=" " tag="720">
      <subfield code="a">Cervera-Garvi, Pablo</subfield>
      <subfield code="e">author</subfield>
   </datafield>
   <datafield ind2=" " ind1=" " tag="720">
      <subfield code="a">Gijón-Noguerón, Gabriel</subfield>
      <subfield code="e">author</subfield>
   </datafield>
   <datafield ind2=" " ind1=" " tag="260">
      <subfield code="c">2024-05-18</subfield>
   </datafield>
   <datafield ind2=" " ind1=" " tag="520">
      <subfield code="a">The present study has two main goals: to conduct a systematic&#xd;
review of musculoskeletal injuries experienced by badminton&#xd;
players, and to examine the management of such injuries.&#xd;
Searches were conducted of the PROSPERO, PubMed, Scopus, and&#xd;
SPORTDiscus databases, from their inception until March 2023. The&#xd;
papers analysed were all based on a study population consisting of&#xd;
individuals aged 18 years or more, diagnosed with badmintonrelated&#xd;
injuries. The methodological quality assessments was&#xd;
using the Newcastle-Ottawa Scale and REVMAN. A total of 28&#xd;
studies were included in the systematic review. In total, the analysis&#xd;
included 2435 participants. Of these athletes, 35.6% (1012) were&#xd;
female and 64.4% (1503) were male. By type of injury, sprains were&#xd;
the most commonly studied and the most prevalent, accounting for&#xd;
36.06% of the sample. These were followed by muscle injuries,&#xd;
representing 23.86% of the total. Injuries to the joints were the&#xd;
least prevalent, accounting for 4.97% of the sample. Lower limb&#xd;
injuries accounted for 52.15% of the total. Of these, ankle injuries&#xd;
were the most common. Despite the generally low quality of the&#xd;
studies considered, the evidence suggests that musculoskeletal&#xd;
injuries, especially to the lower limb, most commonly affect badminton&#xd;
players of all levels.</subfield>
   </datafield>
   <datafield ind1="8" ind2=" " tag="024">
      <subfield code="a">Ana Marchena-Rodriguez, David Cabello-Manrique, Ana Belen Ortega- Avila, Magdalena Martinez-Rico, Pablo Cervera-Garvi &amp; Gabriel Gijon-Nogueron (18 May 2024): Aetiology, epidemiology and treatment of musculoskeletal injuries in badminton players: a systematic review and meta-analysis, Research in Sports Medicine, DOI: 10.1080/15438627.2024.2351964</subfield>
   </datafield>
   <datafield ind1="8" ind2=" " tag="024">
      <subfield code="a">https://hdl.handle.net/10630/38743</subfield>
   </datafield>
   <datafield ind1="8" ind2=" " tag="024">
      <subfield code="a">10.1080/15438627.2024.2351964</subfield>
   </datafield>
   <datafield tag="653" ind2=" " ind1=" ">
      <subfield code="a">Bádminton - Aspectos fisiológicos</subfield>
   </datafield>
   <datafield tag="653" ind2=" " ind1=" ">
      <subfield code="a">Aparato locomotor</subfield>
   </datafield>
   <datafield ind2="0" ind1="0" tag="245">
      <subfield code="a">Aetiology, epidemiology and treatment of musculoskeletal injuries in badminton players: a systematic review and meta-analysis</subfield>
   </datafield>
</record>
</metadata></record></GetRecord></OAI-PMH>